UNITED NATIONS (FORMER TERRITORIES) - Statistics

General Stats
  • This quiz has been taken 256 times
    255 since last reset
  • The average score is 24 of 28
Answer Stats
Answer % Correct
Czech Republic
97%
Slovakia
97%
Bosnia & Herzegovina
96%
Serbia
95%
Belarus
94%
Croatia
94%
Montenegro
94%
Latvia
93%
Lithuania
93%
Macedonia
93%
Slovenia
93%
Armenia
92%
Estonia
92%
Kosovo
92%
Ukraine
92%
Uzbekistan
92%
Azerbaijan
91%
Tajikistan
91%
Turkmenistan
91%
Georgia
90%
Kazakhstan
90%
Moldova
88%
Russia
88%
Kyrgyzstan
82%
Zimbabwe
80%
Zambia
75%
Malawi
59%
Liechtenstein
10%
No matching quizzes found
Score Distribution
Percent of People with Each Score
Percentile by Number Answered
Your Score History
You have not taken this quiz since the last reset